|
|
|
|
| LEADER |
00000nab a2200000 a 4500 |
| 001 |
vtls010577074 |
| 003 |
SK-MaSNL |
| 005 |
20260305040954.0 |
| 008 |
140218c20140208xo dr| 0 0slo |
| 038 |
|
|
|a RVGKPD
|
| 040 |
|
|
|a RVGKPD
|b slo
|c RVGKPD
|e AACR2
|
| 041 |
|
|
|a slo
|
| 044 |
|
|
|a xo
|c SK
|
| 080 |
|
|
|a 728.81
|x (437.6)
|2 1997
|
| 245 |
0 |
0 |
|a Hrad Krásna Hôrka bude zrejme aj tento rok zatvorený
|b podnikanie pod hradom stagnuje
|c [autor] (eši)
|
| 300 |
|
|
|b Fotogr.
|
| 610 |
2 |
7 |
|a Krásna Hôrka (Krásnohorské Podhradie, Slovensko : hrad)
|2 rvgkpd
|9 31335
|
| 650 |
0 |
7 |
|a hrady
|z Slovensko
|2 rvgkpd
|9 310124
|
| 650 |
0 |
7 |
|a rekonštrukcie
|2 rvgkpd
|9 24616
|
| 651 |
|
7 |
|a Rožňava (Slovensko : okres)
|2 rvgkpd
|9 19215
|
| 773 |
0 |
|
|t Korzár : denník Košického kraja
|g Roč. XVII, č. 32 (8.2.2014), s. 3
|x 1338-659X
|
| 852 |
|
|
|a RVGKPD
|b KIS3G
|
| 856 |
4 |
1 |
|u http://korzar.sme.sk/
|
| 992 |
|
|
|a RBX
|
| 999 |
|
|
|c 3341321
|d 3343251
|